Quizzes
Events
Quiz Creation
Community
Videos
Private Events
Remove Ads
Sign In
Join for FREE
Feedback
Dark Mode
Quiz Categories
Sports
Geography
Music
Movies
Television
Just For Fun
Miscellaneous
History
Literature
Language
Science
Gaming
Entertainment
Religion
Holiday
For Kids
Quiz Lab
Recent
Popular Today
Quiz Kudos Today
Editor Picks
Curator Picks
Quizzes by...
Day
Popularity
Type
Ratings
Length
Year
Community
Subscriptions
Recent Discussions
Orange Saloon
Badges
Playlists
Quests
Create
Leaderboards
Showdown
Live 5
Trivia Bingo
Activity
Puzzle Library
Sporcle Events
Private Events
Virtual Trivia
Globe League
Become a Host
Pub Owners
SporcleCon
Opinionation
Our Games
Videos
Blog
Mobile Apps
Partnerships
Remove Ads and Go Orange
Feedback
Literature
Harry Potter
A Song of Ice and Fire
The Hunger Games
Literary Character
Shakespeare
Book
Author
Novel
Poem
Young Adult
Children's Books
Play
Lord of the Rings
Literature
Harry Potter
A Song of Ice and Fire
The Hunger Games
Literary Character
Shakespeare
Book
Author
Novel
Poem
Young Adult
Children's Books
Play
Lord of the Rings
Random Quiz
Search Sporcle
×
Quiz Lab
Quiz Lab
Literature
A Song of Ice and Fire
Type in answers that appear in a list
Type in answers that appear in a list
Classic
Best Score? Go Orange.
ASOIAF - Same First Names Stats
Can you name the surnames of A Song of Ice and Fire characters with the same first name?
By
sonar1313
10m
54 Questions
2,503 Plays
2,503 Plays
2,503 Plays
Comments
Comments
Give Quiz Kudos
Give Quiz Kudos
-
- Ratings
hide this ad
More Info
Replay
Link that replays current quiz
Next Quiz
Link to next quiz in quiz playlist
You Got
0%
They Got
Avg Score
67%
Avg Friend Score
Upgrade to see
Score Distribution
Jump to the score distribution portion of the page
Score
0/54
Timer
10:00
0
Plays Today
Given name
Surname
% Correct
Jon
Snow
99.7%
Robert
Baratheon
97.8%
Stannis
Baratheon
97.8%
Eddard
Stark
97.7%
Jon
Arryn
97.6%
Robert
Arryn
97.6%
Aegon
Frey
97.5%
Walder
Frey
97.5%
Emmon
Frey
97.5%
Petyr
Frey
97.5%
Tytos
Frey
97.5%
Hoster
Tully
96.8%
Brynden
Tully
96.8%
Rodrik
Greyjoy
96.2%
Balon
Greyjoy
96.1%
Willem
Lannister
93.9%
Tytos
Lannister
93.9%
Aegon
Targaryen
92.8%
Rodrik
Cassel
91.3%
Petyr
Baelish
90.5%
Jeyne
Poole
88.1%
Edric
Storm
87.5%
Jeyne
Westerling
84.9%
Edric
Dayne
84.5%
Gerold
Dayne
84.5%
Jon
Connington
80.7%
Walder
Rivers
77.2%
Given name
Surname
% Correct
Brynden
Rivers
77.2%
Daemon
Sand
71.2%
Gerold
Hightower
68.1%
Harys
Swyft
67.5%
Eddard
Karstark
66.8%
Balon
Swann
66.4%
Stannis
Seaworth
62.8%
Jon
Umber
61.4%
Rodrik
Harlaw
61.3%
Daemon
Blackfyre
56.6%
Tytos
Blackwood
54.1%
Hoster
Blackwood
54.1%
Donnel
Hill
48.6%
Emmon
Cuy
36%
Willem
Darry
33.6%
Owen
Merryweather
29.2%
Robin
Flint
25.2%
Robin
Ryger
24.7%
Mark
Mullendore
23.8%
Mark
Ryswell
21.1%
Jon
Fossoway
20%
Donnel
Waynwood
19.9%
Donnel
Locke
18.1%
Owen
Norrey
15.8%
Harys
Haigh
14.3%
Donnel
Haigh
14.3%
Tytos
Brax
13.5%
Quiz Playlist
Details
Report
Send in Message
Add To Playlist
More Info:
Characters are not necessarily alive at the beginning of the story.
Classic:
Type in answers that appear in a list
Last Updated: Feb 16, 2017
Quiz Scoreboard
CHALLENGE
Sign Up to Join the Scoreboard
Show All
Scores
Hide
Comments
May contain spoilers
Recently Published
Presidents Visiting Landmarks
by Hejman
History
7m
An Introduction to Baseball
by treessimontrees
Sports
5m
Movies - When Are They Set?
by FPL_Elf
Movies
5m
More to Explore
Quiz From the Vault
Featured Blog Post
Where Did the Easter Bunny Come From?
hide this ad
You Might Also Like...
Tags
A Song of Ice and Fire Quiz
Game of Thrones
Today's Top Quizzes in Literature
Browse Literature
hide this ad
Today's Top Quizzes in A Song of Ice and Fire
Browse A Song of Ice and Fire
Top Contributed Quizzes in Literature
1
Sneaky Slytherin Logic Puzzle
2
Get The Picture: Black or White Literature
3
A Court of Thorns and Roses (ACoTaR) Logic Puzzle
4
5-to-1: Plays
5
One Thing in Common: Literature
6
One Thing in Common: Literature 3
7
One Thing in Common: Literature II
8
Harry Potter Neighbourly Logic Puzzle #5
9
One Thing in Common: Books
10
Harry Potter Neighbourly Logic Puzzle #6
Explore More
Trending Topics
Kpop
Harry Potter
Anime
NBA
Crossword
Marvel
Disney
The Office
NFL
Song
Pokémon
Soccer
WWE
Country
Puzzle
hide this ad
More By:
sonar1313
Quiz
Plays
Rating
Category
Featured
Created
Cities That Have Lost an MLB Team
34,673
4.50
Sports
Jan 23, 2016
Which Is the Disney Song?
27,937
4.75
Movies
Jan 4, 2022
Harry Potter or Dr. Seuss?
15,968
4.66
Literature
Nov 10, 2019
ASOIAF - All deaths in A Game of Thrones
3,268
3.73
Literature
Jul 28, 2013
ASOIAF - Same First Names
2,503
4.93
Literature
Nov 27, 2013
Go to Creator's Profile
Score Distribution
Quiz Creator Spotlight
sonar1313
Follow
Send a Message
Quizzes Created
-
Created Quiz Play Count
-
More By This Creator
Popular Quizzes Today
1
Find the US States - No Outlines Minefield
2
Find the Countries of Europe - No Outlines Minefield
3
The Countries of the World
4
Find the US States
5
Popular People in 1961
6
US States
7
Risky Map Clicking: Biggest States A-Z
8
Movies - When Are They Set?
More Literature Quizzes
Novels By Second Lines
Published
Trending Quizzes
Risky Map Clicking: Least Populous States A-Z
1-10 Letter G Words
1-10 Letter F Words
Risky Map Clicking: Next State Alphabetically
Risky Map Clicking: Biggest States A-Z
Recently Updated
Leaping Animals
pecheneg
Reality TV Shows (A-Z)
bhenderson79
Rickey Henderson's Hall of Fame Teammates
pecheneg
Champions League XIs: Arsenal
pecheneg
Quick Pick: Celebrities in WWE's Hall of Fame
aduchscher
A-Z Keypad Blitz II
pecheneg
Multiple Oscar Actors
pecheneg
Mystery Phrase Blitz: Oscar 'Best Actors'
pecheneg
F. Scott Fitzgerald Novels
LTH
Pick 3 Villains
ddd62291
Trending Topics
Crossword
NBA
Anime
Harry Potter
Disney
Kpop
Marvel
NFL
Country
Soccer
Song
WWE
Pokémon
Puzzle
The Office
Your Account Isn't Verified!
In order to create a playlist on Sporcle, you need to verify the email address you used during registration. Go to your
Sporcle Settings
to finish the process.
Report this User
Report this user for behavior that violates our
Community Guidelines
.
Details:
Send Report
Go to the Sporcle.com Mobile Site →
Comments